| 000 -LEADER |
| fixed length control field |
00339cam a22000977a 4500 |
| 008 - FIXED-LENGTH DATA ELEMENTS--GENERAL INFORMATION |
| fixed length control field |
180718b1988 xxu||||| |||| 00| 0 eng d |
| 100 ## - MAIN ENTRY--PERSONAL NAME |
| Personal name |
Skousen, Mark |
| 245 ## - TITLE STATEMENT |
| Title |
What every investor should know about Austrian economics and the hard-money movement |
| Statement of responsibility, etc. |
by Mark Skousen |
| 260 ## - PUBLICATION, DISTRIBUTION, ETC. |
| Place of publication, distribution, etc. |
Auburn |
| Name of publisher, distributor, etc. |
The Ludwig von Mises Institute |
| Date of publication, distribution, etc. |
1988 |
| 300 ## - PHYSICAL DESCRIPTION |
| Extent |
33p. |